| 000 | 00372nam a2200145Ia 4500 | ||
|---|---|---|---|
| 008 | 230917s9999||||xx |||||||||||||| ||und|| | ||
| 040 |
_e29699 _aMAIN |
||
| 041 | _aEnglish | ||
| 082 | _a843 F617M | ||
| 100 | _aFlaubert, Gustave | ||
| 245 | 0 | _aMadame Bovary: Life in a country Twon | |
| 260 |
_aOxford _bOxford University Press _c1981 |
||
| 300 | _a362 p. | ||
| 942 | _cBK | ||
| 999 |
_c101785 _d101785 |
||